书目信息 |
| 题名: |
超声物理
|
|
| 作者: | ;上海市声学学会 编 | |
| 分册: | ||
| 出版信息: | 上海 上海科学技术文献出版社 1981 |
|
| 页数: | 101页 | |
| 开本: | 25cm | |
| 丛书名: | ||
| 单 册: | ||
| 中图分类: | O426 | |
| 科图分类: | ||
| 主题词: | 声学 | |
| 电子资源: | ||
| ISBN: | ||
| 000 | 00637nam0 2200241 45 | |
| 001 | 0181004735 | |
| 005 | 20040521094007.0 | |
| 010 | @dCNY0.85 | |
| 091 | @a13192.30 | |
| 100 | @a19950608d1981 emky0chiy0121 ea | |
| 101 | 1 | @achi@cmul |
| 102 | @aCN@b310000 | |
| 105 | @ay z 000yy | |
| 106 | @ar | |
| 200 | 10 | @a超声物理@Achao sheng wu li@e译文集@f上海市声学学会编 |
| 210 | @a上海@c上海科学技术文献出版社@d1981 | |
| 215 | @a101页@d25cm | |
| 606 | 0 | @a声学 |
| 690 | @aO426 | |
| 711 | 02 | @a上海市声学学会@Ashang hai shi sheng xue xue hui@4编 |
| 801 | 0 | @aCN@b上海图书馆@c20040521 |
| 801 | 2 | @aCN@bNLC@c20040521 |
| 905 | @dO426@e3 | |
| 超声物理:译文集/上海市声学学会编.-上海:上海科学技术文献出版社,1981 |
| 101页;25cm |
| ISBN :CNY0.85 |
| ● |
| 相关链接 |
|
|
|
|
正题名:超声物理
索取号:O426/3
 
预约/预借
| 序号 | 登录号 | 条形码 | 馆藏地/架位号 | 状态 | 备注 |
| 1 | 0074113 | 001462189 | 第三借阅区/ [索取号:O426/3] | 在馆 | |
| 2 | 0074114 | 001462143 | 第三借阅区/ [索取号:O426/3] | 在馆 | |
| 3 | 0074115 | 001462090 | 第二样本阅览室/ [索取号:O426/3] | 在馆 |